|
|
|
|
| LEADER |
00000nam0a2200000 4500 |
| 001 |
133616 |
| 005 |
20231031135407.0 |
| 010 |
|
|
|a 9785942802790
|
| 035 |
|
|
|a (RuTPU)RU\TPU\book\144817
|
| 090 |
|
|
|a 133616
|
| 100 |
|
|
|a 20080319d2007 km y0rusy50 ca
|
| 101 |
0 |
|
|a rus
|
| 102 |
|
|
|a RU
|
| 105 |
|
|
|a a z 001zy
|
| 200 |
1 |
|
|a Анализ рынка. Настольная книга маркетолога
|f А. Н. Матанцев
|
| 210 |
|
|
|a Москва
|c Альфа-Пресс
|d 2007
|
| 215 |
|
|
|a 552 с.
|c ил.
|
| 320 |
|
|
|a Библиография в конце глав.
|
| 330 |
|
|
|a Рассмотрены актуальные вопросы теории и практики анализа рынка. Приведены способы определения рыночных характеристик: емкости рынка, рыночной доли, насыщения, интеграции и способы исследования конъюнктуры отраслевых рынков. Проведен комплексный анализ рынка, включающий выявление степени влияния конкуренции, определение лидеров отрасли, нахождение политики цен, эффективности рекламы, качества, сервиса, скидок и льгот. Особенное внимание уделено анализу стратегий в бизнесе и определению критериев успеха в бизнесе. Проанализированы рынки бытовой техники, электротехники, строительных материалов, электромонтажных изделий, продуктов питания, сотовой связи, косметики, автомобилей. В книге приведен словарь терминов и понятий. Для студентов и преподавателей экономических вузов, руководителей предприятий всех форм собственности, аналитиков рынка.
|
| 610 |
1 |
|
|a экономика
|
| 610 |
1 |
|
|a маркетинг
|
| 610 |
1 |
|
|a маркетинговый анализ
|
| 610 |
1 |
|
|a рынок
|
| 610 |
1 |
|
|a рыночная доля
|
| 610 |
1 |
|
|a конъюнктура
|
| 610 |
1 |
|
|a спрос
|
| 610 |
1 |
|
|a конкуренция
|
| 610 |
1 |
|
|a цены
|
| 610 |
1 |
|
|a качество
|
| 610 |
1 |
|
|a реклама
|
| 610 |
1 |
|
|a бренды
|
| 610 |
1 |
|
|a конкурентоспособность
|
| 610 |
1 |
|
|a товар
|
| 610 |
1 |
|
|a торговые сети
|
| 610 |
1 |
|
|a бизнес-стратегии
|
| 686 |
|
|
|a У9(2)212.4
|v LBC/SL-A
|2 rubbk
|
| 700 |
|
1 |
|a Матанцев
|b А. Н.
|g Александр Николаевич
|
| 801 |
|
1 |
|a RU
|b 63413507
|c 20080319
|g PSBO
|
| 801 |
|
2 |
|a RU
|b 63413507
|c 20120924
|g PSBO
|
| 900 |
|
|
|a Товарная политика организаций
|
| 942 |
|
|
|c BK
|
| 959 |
|
|
|a 34/20080318
|d 1
|e 350,00
|f ЧЗГЛ:1
|